000
00321nam a22001457a 4500
008
221025b ||||| |||| 00| 0 eng d
020
_a
9781592330577
041
_a
eng
080
_a
610.73
082
_a
610.73KAR
100
_a
8
101
_a
INF
245
_a
THE CORE STRENGTH WORKOUT
_c
KARTER K
942
_2
udc
_c
BK
999
_c
58674
_d
58674